Trading in the zone (Record no. 4742)
[ view plain ]
| 000 -LEADER | |
|---|---|
| fixed length control field | 01305nam a22003494a 4500 |
| 082 04 - DEWEY DECIMAL CLASSIFICATION NUMBER | |
| Classification number | 332.63/2/02854678 |
| 100 1# - MAIN ENTRY--AUTHOR NAME | |
| Personal name | Kiev, Ari. |
| 245 10 - TITLE STATEMENT | |
| Title | Trading in the zone |
| 260 ## - PUBLICATION, DISTRIBUTION, ETC. (IMPRINT) | |
| Place of publication | New York : |
| Name of publisher | John Wiley & Sons, |
| Year of publication | c2001. |
| 300 ## - PHYSICAL DESCRIPTION | |
| Number of Pages | ix, 230 p. |
| 490 1# - SERIES STATEMENT | |
| Series statement | Wiley online trading for a living |
| 650 #0 - SUBJECT ADDED ENTRY--TOPICAL TERM | |
| Topical Term | Electronic trading of securities. |
| Topical Term | Investments. |
| Topical Term | Stock exchanges. |
| Topical Term | Investment analysis. |
| 856 40 - ELECTRONIC LOCATION AND ACCESS | |
| Uniform Resource Identifier | http://site.ebrary.com/lib/rucke/Doc?id=10001740 |
No items available.
